[Event "Silver Lake Open-A 2018"]
[Site "Veliko Gradiste"]
[Date "2018.06.22"]
[Round "7"]
[White "Atalik, Suat"]
[Black "Karavade, Eesha"]
[Result "1-0"]
[WhiteElo "2512"]
[BlackElo "2399"]
[Annotator "TA"]
[PlyCount "105"]
[EventDate "2018.06.21"]
[EventType "swiss"]
[EventCountry "SRB"]
[SourceTitle "playchess.com"]
[Source "ChessBase"]
[SourceQuality "1"]

{[%evp 29,105,0,0,-27,-16,-28,-38,-23,-21,-22,0,0,0,-6,-8,-21,8,8,16,11,11,8,8,0,10,0,0,0,0,0,2,0,0,0,0,0,0,0,0,0,0,0,0,0,0,0,0,0,0,0,0,0,0,0,0,0,0,0,52,52,52,66,85,8,8,8,29978,29978,29985,29986,29988,29989,29989,29982,29984,29985,29982,29966]} 1. d4 Nf6 2. c4 e6 3. Nf3 d5 4. g3 Be7 5. Bg2 O-O 6. O-O dxc4 7. Qc2 a6 8. a4 Bd7 9. Rd1 Bc6 10. Nc3 Bxf3 11. Bxf3 Nc6 12. Bxc6 bxc6 13. a5 Rb8 {E05: Katalanisch} 14. Qa4 (14. Ra4 Rb4 15. Na2 Rxa4 16. Qxa4 Qb8 17. Qxc4 Qb5 18. Qxb5 cxb5 19. Be3 Nd5 20. Rc1 Rc8 21. Rc6 {½-½ (52) Grigoriants,S (2576)-Nakamura,H (2786) chess.com INT 2017}) 14... Bb4 15. Na2 Be7 $1 {LiveBook: 3 Partien. Die Stellung ist ausgeglichen.} 16. Qxc4 Qd5 17. Qxd5 $146 ({Vorgänger:} 17. Qd3 Qxa5 18. Bd2 Qb5 19. Qxb5 axb5 20. Nb4 Bxb4 21. Bxb4 {1-0 (49) Hyde,K-Taylor England 1992}) 17... cxd5 {[#]} 18. b4 $1 {[%mdl 512]} Ne4 (18... Bxb4 19. Nxb4) 19. Bf4 Bxb4 20. Bxc7 Rb5 21. Nxb4 Rxb4 22. Rac1 {Schwarz muss nun f3 beachten.} Rc8 23. f3 Rc4 $1 24. Rxc4 dxc4 25. fxe4 Rxc7 $11 {[%mdl 4096] Endspiel KT-KT} 26. Kf2 Kf8 27. Ke3 Rb7 28. Rc1 Rb5 29. Rxc4 Rxa5 30. Rc8+ Ke7 31. e5 Ra1 32. Rh8 h6 33. Rg8 g6 34. Rh8 h5 35. Ra8 a5 36. Kf4 Ra2 37. e4 {[%cal Be2e4,Be4d5,Bd5d6][%mdl 32]} Rd2 38. Ra7+ Kf8 39. Ke3 Rxh2 40. d5 exd5 (40... Rg2 {with more complications.} 41. Ra8+ Ke7 42. d6+ Kd7 43. Ra7+ Ke8) 41. exd5 {zielt auf d6 ab.} Rh1 42. Rxa5 Rd1 43. Ke4 g5 (43... Ke8 $11) 44. d6 h4 45. g4 {[%cal Bg3g4,Bg4f5][%mdl 32]} h3 {( -> ...h2)} 46. Ra2 ({Günstiger ist} 46. Ra8+ $16 Kg7 47. Ra2) 46... Rf1 $1 47. Rh2 f5+ $2 {[%mdl 8192] [#]} (47... Rf4+ $11 48. Kd5 Rf3) 48. gxf5 {Weiß setzt Matt.} g4 49. e6 {[%cal Be5e6,Be6e7,Be7e8][%mdl 32]} g3 50. Rxh3 g2 51. e7+ Kf7 52. Rh7+ Kf6 53. e8=N+ {Precision: Weiß = 63%, Schwarz = 69%.} 1-0

[Event "Silver Lake Open-A 2018"]
[Site "Veliko Gradiste"]
[Date "2018.06.22"]
[Round "7"]
[White "Damljanovic, Branko"]
[Black "Perunovic, Miodrag"]
[Result "1-0"]
[WhiteElo "2499"]
[BlackElo "2442"]
[Annotator "TA"]
[PlyCount "79"]
[EventDate "2018.06.21"]
[EventType "swiss"]
[EventCountry "SRB"]
[SourceTitle "playchess.com"]
[Source "ChessBase"]
[SourceQuality "1"]

{[%evp 18,79,27,24,47,48,48,48,51,33,32,0,0,1,66,51,73,64,75,66,99,99,106,106,111,100,121,145,236,234,240,225,295,270,335,329,261,203,197,74,89,0,216,145,299,313,296,263,308,308,308,269,438,413,477,468,405,338,317,303,507,483,940,936]} 1. c4 c5 2. Nf3 Nf6 3. Nc3 e6 4. g3 b6 5. Bg2 Bb7 6. O-O Be7 7. Re1 Ne4 8. d4 Nxc3 9. bxc3 Be4 {A30: Englische Eröffnung (Symmetrische Variante)} 10. d5 {LiveBook: 4 Partien} (10. Bf1 O-O 11. Nd2 Bb7 12. e4 Nc6 13. d5 Na5 14. Nb3 d6 15. Nxa5 bxa5 16. Rb1 Rb8 17. Qg4 {½-½ (60) Ponomariov,R (2718)-Carlsen,M (2775) Moscow 2008}) 10... exd5 $146 ({Vorgänger:} 10... O-O 11. Bf4 exd5 12. cxd5 d6 13. Qb3 Nd7 14. Bh3 Nf6 15. c4 Nh5 16. Bd2 Re8 17. a4 {½-½ (29) Buhmann,R (2603)-Gurevich,V (2470) Germany 2009}) 11. cxd5 O-O {Weiß steht etwas besser.} 12. a4 d6 13. Bf4 Nd7 14. Nd2 Bxg2 15. Kxg2 Re8 ({Lieber} 15... g5 $11 16. Be3 f5) 16. Nc4 $36 {[%mdl 2048] Weiss kämpft um Vorteil.} Nf8 17. e4 Ng6 18. Bd2 Bf6 19. f4 Rb8 20. h4 {[%cal Bh2h4,Bh4h5][%mdl 32]} a6 21. h5 Nf8 22. Qf3 b5 (22... h6 $16 {war einen Versuch wert.} 23. e5 Be7) 23. axb5 $18 axb5 {[#]} 24. Na5 $1 Ra8 25. Nc6 Qc7 {[#]} 26. e5 $1 {[%mdl 512]} Be7 (26... dxe5 27. fxe5) 27. Reb1 h6 28. Qf1 (28. Rxa8 $18 {und Weiss behält klar die Oberhand.} Rxa8 29. Be3 (29. Rxb5 Ra2 $14)) 28... Qd7 $16 29. Qf3 ({Ein No Go ist} 29. Rxb5 Rxa1 30. Qxa1 dxe5 $15) (29. Nxe7+ $6 Qxe7 30. Qxb5 (30. Rxb5 Rxa1 31. Qxa1 dxe5 $17) 30... dxe5 $11) (29. Qxb5 $16 Rxa1 30. Rxa1 dxe5 31. Qd3) 29... Qc7 $1 $18 30. Bc1 Nh7 $2 (30... Qb7 $16 31. Qd3 Qd7 32. Rxa8 Rxa8 33. Rxb5 dxe5) 31. Rxa8 Rxa8 32. Rxb5 Bf8 33. c4 Qd7 34. Rb2 Ra4 $2 (34... Qc8 35. Bd2 Qa6) 35. Qe2 dxe5 36. fxe5 {[%cal Bf4e5,Be5e6][%mdl 32]} Ra8 37. Rb8 Rxb8 38. Nxb8 Qf5 $2 (38... Qe8 {war nötig.}) 39. Nc6 g6 (39... Ng5 $142 40. g4 Qd7 41. Bxg5 hxg5) 40. e6 {Precision: Weiß = 63%, Schwarz = 52%.} 1-0

[Event "Silver Lake Open-A 2018"]
[Site "Veliko Gradiste"]
[Date "2018.06.22"]
[Round "7"]
[White "Gazik, Viktor"]
[Black "Lajthajm, Borko"]
[Result "1-0"]
[WhiteElo "2490"]
[BlackElo "2432"]
[Annotator "TA"]
[PlyCount "239"]
[EventDate "2018.06.21"]
[EventType "swiss"]
[EventCountry "SRB"]
[SourceTitle "playchess.com"]
[Source "ChessBase"]
[SourceQuality "1"]

{[%evp 9,239,11,52,29,31,8,16,10,10,4,41,34,36,39,36,33,37,37,33,39,54,45,51,34,35,34,35,14,11,9,5,12,29,32,40,40,41,39,39,22,56,25,33,22,30,28,0,0,22,22,22,17,34,0,0,0,4,0,0,0,0,0,0,0,4,0,0,0,0,0,0,0,0,0,0,0,1,0,0,0,0,0,0,0,2,0,0,0,0,0,0,0,0,0,14,9,17,7,17,17,18,17,24,17,17,8,17,6,18,14,22,11,32,25,25,20,30,16,33,16,31,17,18,28,41,37,41,11,11,11,19,30,23,22,58,62,64,22,41,0,84,57,41,16,18,19,14,0,0,0,18,20,25,18,25,27,18,17,33,6,416,410,1028,1024,1020,1020,987,977,644,0,827,786,968,954,885,868,689,665,629,627,2444,2444,2444,2444,2437,664,1082,0,2422,2430,2415,2415,2408,2408,2408,2408,2408,2408,2401,2401,2393,2386,2379,2372,2361,2285,1806,1671,12135,10719,29964,29968,29968,29968,29969,29953,29983,29984,29983,29983,29983,29984,29984,29985,29985,29986,29986,29987,29987,29987,29988,29988]} 1. Nf3 d5 2. g3 c6 3. Bg2 g6 4. O-O Bg7 5. d3 Na6 (5... e5 6. e4 Ne7 7. Re1 dxe4 8. dxe4 Qxd1 9. Rxd1 h6 10. Na3 Be6 11. Be3 Nd7 12. Nd2 O-O-O 13. Nac4 Kc7 14. a4 Nb6 {0-1 (76) Mamedov,R (2688)-Dreev,A (2652) Doha 2016}) 6. Nbd2 {A07: Réti Opening: New York and Capablanca Systems} Nf6 7. c4 $146 ({Predecessor:} 7. a4 Nc5 8. a5 O-O 9. c3 Qc7 10. b3 Rd8 11. Ba3 b6 12. Qc2 {½-½ (38) Rajkovic,D (2490)-Nikolac,J (2495) Belgrade 1978}) 7... O-O 8. a3 {The position is equal.} dxc4 9. Nxc4 Be6 10. Qc2 Ne8 11. Rb1 Nd6 12. b3 Rc8 13. Bb2 Bxb2 14. Qxb2 Nc5 15. Rfc1 Bd5 16. Ne3 Bxf3 17. Bxf3 Nd7 18. Ng4 {[%cal Rg4h6] [#]} h5 19. Ne5 Nxe5 20. Qxe5 e6 21. e3 Nf5 22. d4 Qe7 23. b4 a6 24. Rc5 Rcd8 25. Bg2 Rfe8 26. Rbc1 Nd6 27. Qf4 Kg7 28. Qf3 (28. h4 {is more complex.} f6 29. a4 Nf7 30. Qe4 e5 31. d5) 28... Qf6 (28... h4 {seems wilder.} 29. g4 f6 30. a4 e5 31. dxe5 fxe5 32. h3 Qe6) 29. Qxf6+ Kxf6 30. a4 Rd7 31. f4 Ke7 32. Kf2 Ra8 33. Kf3 Ne8 34. Ke2 Nc7 35. Kd3 Rd6 36. Rb1 Kd8 37. h3 Ke7 38. Bf3 Rh8 39. Rbc1 Rd7 40. Kd2 Ra8 41. Be2 Nd5 42. Rb1 Rd6 43. Bd3 Nb6 44. Bc2 Nd7 45. Rc3 Nf6 46. Ke2 Kd7 47. Kf3 Nd5 48. Rcb3 Kc7 49. Be4 Nb6 50. Ra1 Nc4 51. Ke2 Rd7 52. Rc1 Nd6 53. Bd3 Kb6 54. Rbb1 Rh8 55. Rc5 Nc8 56. Rbc1 Ne7 57. Be4 Ra8 58. Kf2 Ng8 59. Bf3 Nf6 60. R5c4 a5 61. Rb1 axb4 62. Rcxb4+ Ka7 63. e4 Kb8 64. Ke3 Ra7 65. g4 hxg4 66. hxg4 Ne8 67. e5 Kc7 68. Rh1 Kd8 $1 69. Be4 Nc7 70. Rh8+ Ke7 71. Kf3 Rd8 72. Rh7 $1 {Strongly threatening Bxg6.} Rg8 $1 73. Rh1 Rga8 74. Rh7 Na6 (74... Rg8 $1 $11 {keeps the balance.}) 75. Rb6 {aiming for Bxg6.} Rg8 76. Rh1 {Hoping for Rhb1.} Rd8 77. Rhb1 Rd7 78. f5 gxf5 79. gxf5 Kd8 80. Ke3 Kc8 81. Rh1 $36 {[%mdl 2048] Black is under pressure.} Nc7 82. Rb4 Rd8 83. Rh7 Rf8 84. Kf4 Kd8 $2 {[%mdl 8192] [#]} (84... f6 $11 {and Black is okay.}) 85. Bxc6 $1 $18 {[%mdl 512]} f6 (85... Kc8 $142) (85... bxc6 86. Rb8+) 86. Bxb7 fxe5+ 87. dxe5 Rxf5+ 88. Ke4 {Threatens to win with Rd4+.} Rg5 89. Kf4 Rf5+ $1 90. Kg4 Rxe5 91. Bc6 {[%cal Rb4b8]} Nb5 92. Rh8+ Kc7 93. Bxb5 Kd6 94. Rd4+ Rd5 95. Rd8+ Ke5 96. R4xd5+ exd5 {[%mdl 4096] Endgame KRB-KR} 97. Bc6 Ra5 98. Bb5 Ra7 99. Kf3 Kd4 100. Rd7 Ra8 101. Ke2 Rh8 102. Kd2 Rh2+ 103. Be2 Rh3 104. a5 {[%cal Ba4a5,Ba5a6][%mdl 32]} Ra3 105. a6 Ra2+ 106. Ke1 Kc5 107. Kf2 Ra3 108. Rc7+ Kb6 109. Rc2 d4 110. Rd2 {White mates.} Kc5 111. Bd3 Ra1 112. Kf3 Re1 113. Ra2 Re3+ 114. Kf4 Re8 115. a7 Rf8+ 116. Bf5 Ra8 117. Be4 Rf8+ 118. Kg3 Rg8+ 119. Kf2 Rf8+ 120. Ke1 {Precision: White = 62%, Black = 56%.} 1-0

[Event "Silver Lake Open-A 2018"]
[Site "Veliko Gradiste"]
[Date "2018.06.22"]
[Round "7"]
[White "Milanovic, Danilo"]
[Black "Dudukovic, Nikola"]
[Result "1/2-1/2"]
[WhiteElo "2461"]
[BlackElo "2385"]
[Annotator "TA"]
[PlyCount "32"]
[EventDate "2018.06.21"]
[EventType "swiss"]
[EventCountry "SRB"]
[SourceTitle "playchess.com"]
[Source "ChessBase"]
[SourceQuality "1"]

{[%evp 15,17,42,49,50]} 1. d4 Nf6 2. c4 c5 3. d5 e6 4. Nc3 exd5 5. cxd5 d6 6. e4 g6 7. Nf3 a6 8. a4 Bg4 {LiveBook: 467 Games} 9. Be2 {A70: Modern Benoni: 6 e4 g6 7 Nf3} {Predecessor:} Bg7 $146 10. O-O O-O 11. h3 Bxf3 12. Bxf3 Nbd7 13. Re1 Re8 14. Bf4 Qc7 15. a5 Rac8 16. Qc2 c4 {½-½ (16) Nyzhnyk,I (2625)-Erdos,V (2650) Mamaia 2013} 1/2-1/2

[Event "Silver Lake Open-A 2018"]
[Site "Veliko Gradiste"]
[Date "2018.06.22"]
[Round "7"]
[White "Kasparov, Sergey"]
[Black "Savicevic, Vlatko"]
[Result "1-0"]
[WhiteElo "2456"]
[BlackElo "2354"]
[Annotator "TA"]
[PlyCount "67"]
[EventDate "2018.06.21"]
[EventType "swiss"]
[EventCountry "SRB"]
[SourceTitle "playchess.com"]
[Source "ChessBase"]
[SourceQuality "1"]

{[%evp 20,67,12,0,0,5,16,0,59,60,70,59,37,-60,26,33,26,24,20,33,24,20,20,18,47,52,49,39,50,48,91,27,90,65,71,49,94,91,102,75,94,76,108,95,206,170,187,202,560,563]} 1. e4 d6 2. d4 Nf6 3. Nc3 g6 4. g3 Bg7 5. Bg2 O-O 6. Nge2 Nbd7 7. O-O e5 8. h3 a6 9. a4 b6 10. Be3 Bb7 11. g4 {LiveBook: 6 Games. B07: Pirc Defence: Miscellaneous Systems} b5 12. axb5 axb5 13. d5 {[#] The position is equal.} Rxa1 $146 (13... b4 $1 $11 14. Na2 Nc5) ({Predecessor:} 13... b4 14. Na2 Nc5 15. f3 Qd7 16. Qd2 b3 17. Nac3 c6 18. dxc6 Qxc6 {½-½ (44) Waitzkin,J (2435)-Christiansen,L (2570) San Francisco 1995}) 14. Qxa1 $14 c6 15. dxc6 Bxc6 {Threatening ...b4.} 16. Ng3 ({Better is} 16. g5 $14 Nh5 17. Rd1) 16... Nc5 (16... b4 $15 17. Na2 Qa5) 17. Rd1 $11 Qc7 18. Qa3 Ra8 19. Qb4 $1 Bf8 20. g5 $36 {[%mdl 2048] White is pushing.} Nfd7 21. Nd5 Bxd5 22. exd5 Qb7 23. Bf1 Rb8 24. h4 Be7 25. b3 ({White should try} 25. h5 $16) 25... Bd8 (25... f5 $11) 26. Qd2 b4 27. Ra1 Kg7 28. Bg2 Qc7 29. Rf1 Be7 30. f4 f5 31. gxf6+ Nxf6 (31... Bxf6 $16 32. h5 exf4 33. Bxf4 (33. Rxf4 Be5 $11) 33... Be5) 32. fxe5 $18 dxe5 33. Bh6+ Kh8 $2 {[#]} (33... Kf7 {is more resistant.} 34. h5 Qd6 35. hxg6+ hxg6) 34. d6 $1 {[%mdl 512] Precision: White = 49%, Black = 34%.} 1-0

[Event "Silver Lake Open-A 2018"]
[Site "Veliko Gradiste"]
[Date "2018.06.22"]
[Round "7"]
[White "Radovanovic, Nikola"]
[Black "Kulkarni, Chinmay"]
[Result "1/2-1/2"]
[WhiteElo "2438"]
[BlackElo "2281"]
[Annotator "TA"]
[PlyCount "31"]
[EventDate "2018.06.21"]
[EventType "swiss"]
[EventCountry "SRB"]
[SourceTitle "playchess.com"]
[Source "ChessBase"]
[SourceQuality "1"]

{[%evp 19,31,18,19,0,6,2,10,0,0,0,0,0,31,26]} 1. e4 c5 2. Nf3 Nc6 3. Bb5 Nf6 {[%cal Bg8f6,Bf6g4,Bg4h6,Bh6f5,Bf5d4][%mdl 32]} 4. e5 (4. Nc3 Qc7 5. O-O Nd4 6. Re1 e5 7. Bc4 Be7 8. d3 d6 9. Bg5 Bg4 10. Nb5 Nxb5 11. Bxb5+ Nd7 12. Bxe7 Kxe7 13. h3 Bh5 {½-½ (42) Eljanov,P (2702)-Kuzubov,Y (2663) Brest 2018}) 4... Ng4 5. Bxc6 dxc6 6. h3 {B30: Sicilian: 2...Nc6 3 Bb5, lines without ...g6} Nh6 7. d3 Nf5 8. Nc3 g6 9. O-O Bg7 10. Bf4 O-O {LiveBook: 5 Games} 11. Qd2 b6 12. Rfe1 Nd4 $146 ({Predecessor:} 12... Re8 13. Ng5 h6 14. Nf3 Kh7 15. Ne4 Be6 16. a4 {½-½ (55) Hocevar,M (1946)-Tisaj,D (2003) Slovenia 2017}) 13. Nh2 Bf5 14. Ne4 {[%cal Bc3e4,Be4g3,Bg3f5][%mdl 32]} Qd5 15. Ng3 f6 {[%cal Rf6e5]} 16. Nxf5 1/2-1/2

[Event "Silver Lake Open-A 2018"]
[Site "Veliko Gradiste"]
[Date "2018.06.22"]
[Round "7"]
[White "Ivic, Velimir"]
[Black "Karthik, Kumar Pradeep"]
[Result "1-0"]
[WhiteElo "2425"]
[BlackElo "2281"]
[Annotator "TA"]
[PlyCount "93"]
[EventDate "2018.06.21"]
[EventType "swiss"]
[EventCountry "SRB"]
[SourceTitle "playchess.com"]
[Source "ChessBase"]
[SourceQuality "1"]

{[%evp 20,93,28,18,18,25,27,18,18,33,44,21,35,33,38,18,31,19,43,45,56,50,91,47,75,53,63,-22,32,-37,0,-13,0,0,0,0,0,0,313,303,302,322,316,326,314,309,279,256,232,232,213,202,362,381,873,873,873,873,873,873,862,862,842,840,812,685,889,629,12836,12837,12837,12837,12845,12843,12848,12848]} 1. e4 c5 2. Nf3 e6 3. d4 cxd4 4. Nxd4 Nc6 5. Nc3 Qc7 6. Be3 a6 7. Qf3 {B48: Sicilian: Taimanov: 5 Nc3 Qc7 6 Be3 a6 without Be2} Bd6 (7... Nf6 8. O-O-O Ne5 9. Qg3 b5 10. a3 Bb7 11. Bxb5 Rc8 12. Ba4 Nxe4 13. Nxe4 Bxe4 14. Bf4 Qc4 15. Bxe5 Qxa4 {1-0 (38) Vachier Lagrave,M (2789)-Anand,V (2776) Karlsruhe/Baden-Baden 2018}) 8. O-O-O Be5 9. g3 Nge7 10. Qe2 b5 11. f4 {LiveBook: 17 Games} Bxd4 12. Bxd4 Nxd4 13. Rxd4 Rb8 14. Qd2 b4 15. Nd1 $146 a5 16. Ne3 O-O 17. Bg2 Nc6 18. Rd3 a4 19. Kb1 f6 20. Rd1 Na5 21. b3 Qc5 22. h4 Nc6 23. h5 (23. Rd6 $14) 23... h6 (23... Qxh5 $11 24. Nc4 Ba6 25. Rxd7 Bxc4 26. bxc4 b3 27. cxb3 axb3) 24. e5 ({Better is} 24. g4 $14) 24... fxe5 $15 25. Bxc6 $1 dxc6 26. Ng4 {[%cal Be3g4,Bg4h6,Bh6f7,Bf7d6][%mdl 32]} exf4 27. gxf4 {Black must now prevent Qg2.} axb3 28. axb3 {And now Rd8 would win.} Ba6 $2 {[%mdl 8192]} ({Much worse is} 28... Qxh5 29. Ne5 $14) (28... e5 $11 29. Nxh6+ (29. Nxe5 Ra8 $15) 29... Kh8) 29. Rd7 $18 Qc3 {[#]} 30. Nxh6+ $1 {[%mdl 512]} Kh8 {Hoping for ...Qxd2.} ({Weaker is} 30... gxh6 31. Qg2+ Kh8 32. Qg6 Rf7 33. Rxf7 Qxb3+ 34. cxb3 Bd3+ 35. Rxd3 Rg8 36. Qxh6#) 31. Nf7+ Kg8 {...Qxd2 is the strong threat.} 32. Qxc3 bxc3 33. h6 $1 Rb7 {[#]} 34. Rxb7 $1 Bxb7 {[%mdl 4096] Endgame [#] KRB-KRN} 35. Nd6 $1 {Strongly threatening Rg1.} Ba6 $2 (35... Bc8) 36. Rg1 Rxf4 $2 (36... g5 37. fxg5 Kh7) 37. Rxg7+ {White is clearly winning.} Kf8 38. Ra7 {White threatens h7 and mate.} Rf1+ 39. Ka2 {h7 would kill now.} Bd3 40. h7 Bxh7 41. Rxh7 {KRN-KR} Rf2 42. Rc7 Rxc2+ 43. Ka3 Rd2 44. Rxc6 c2 45. Kb2 e5 46. Kc1 Rd4 47. Rc8+ {Precision: White = 68%, Black = 40%.} 1-0

[Event "Silver Lake Open-A 2018"]
[Site "Veliko Gradiste"]
[Date "2018.06.22"]
[Round "7"]
[White "Abramovic, Bosko"]
[Black "Sevgi, Volkan"]
[Result "1-0"]
[WhiteElo "2415"]
[BlackElo "2266"]
[Annotator "TA"]
[PlyCount "149"]
[EventDate "2018.06.21"]
[EventType "swiss"]
[EventCountry "SRB"]
[SourceTitle "playchess.com"]
[Source "ChessBase"]
[SourceQuality "1"]

{[%evp 14,149,32,11,33,8,20,14,20,17,47,46,52,40,107,119,129,39,35,15,55,0,52,41,58,49,52,49,62,16,88,87,198,193,197,207,316,334,289,155,148,145,153,163,143,156,139,98,85,86,87,96,88,96,91,76,129,140,227,228,209,165,184,139,139,138,150,139,190,193,285,281,262,245,241,237,385,385,341,336,366,329,318,303,367,353,400,384,313,233,354,303,354,243,303,303,218,211,384,383,350,369,487,487,487,474,480,411,1062,1444,1433,1432,1329,1288,1576,1479,1479,1191,2445,2289,2289,2174,1993,1888,2367,1867,29972,29976,12800,11286,29982,29983,29994,29995,29995,29996,29997,29998]} 1. d4 f5 2. g3 Nf6 3. Bg2 g6 4. Nh3 Bg7 5. O-O O-O 6. c4 Nc6 {A86: Holländische Verteidigung (Leningrader Variante mit Sh3)} (6... e6 7. Nc3 d6 8. Nf4 c6 9. Nd3 Nbd7 10. b3 e5 11. dxe5 dxe5 12. e4 fxe4 13. Nxe4 Nxe4 14. Bxe4 Nf6 15. Bg5 Qd4 16. Bxf6 Rxf6 {½-½ (33) Lenic,L (2625)-L'Ami,E (2623) Reykjavik 2015 CBM 170 [Meulders,R]}) 7. d5 Ne5 8. Qc2 {LiveBook: 3 Partien} Nf7 {Die Stellung ist ausgeglichen.} 9. Nc3 e5 10. dxe6 dxe6 11. Ng5 Ne5 $146 ({Vorgänger:} 11... c6 12. Nxf7 Rxf7 13. Bf4 {½-½ (22) Mastrokoukos,G (2390)-Tabatadze,T (2390) Sofia 1994}) 12. b3 Qe7 13. Bb2 c5 (13... Nh5 $14) 14. Rad1 $16 Nc6 15. e3 ({Günstiger ist} 15. Bxc6 $16 bxc6 16. Qd2) 15... Bd7 $14 16. f4 {[%cal Bf2f4,Bf4e5][%mdl 32]} Rad8 17. h3 ({Besser ist} 17. Qe2 $14) 17... h6 (17... Nb4 $11 18. Qe2 Bc6) 18. Nf3 g5 19. Ne5 Nxe5 20. fxe5 Nh7 21. Ne2 Bc8 (21... b6 $1 $11) 22. g4 $16 Qc7 (22... Rxd1 $16 {ist eine bessere Verteidigung.} 23. Rxd1 (23. Qxd1 Qc7 $11) 23... b6) 23. Rxd8 $18 Rxd8 24. gxf5 Bxe5 (24... exf5 $142 25. Bd5+ Kh8) 25. fxe6 Bxe6 {[#]} 26. Qg6+ ({Der einzige Zug:} 26. Nd4 $1 $18 {[%cal Rd4e6][%mdl 512]} Bc8 (26... cxd4 27. Qg6+) 27. Nb5) 26... Kh8 $16 27. Qxe6 Bxb2 28. Rf7 $40 {[%mdl 128] Weiss will per K.O. gewinnen.} Qe5 29. Qxe5+ Bxe5 30. Rxb7 Rd2 31. Re7 ({Bitte nicht} 31. Rxa7 $6 Rxe2 32. Ra8+ Kg7 $11) 31... Bd6 32. Re8+ Kg7 33. Nc3 $1 Nf6 34. Ra8 Bg3 ({Lieber} 34... Kg6) 35. Rxa7+ Kg6 (35... Kg8 $16 36. Ra6 Be5) 36. Ra6 $1 $18 {[%cal Ra6f6]} Be5 37. Nd5 Kg7 38. Nxf6 Bxf6 {[%mdl 4096] Endspiel KTL-KTL} 39. Kf1 Rb2 40. Be4 Bc3 (40... Bd8 $16 {ist wohl besser.} 41. Rg6+ Kf7) 41. a4 {[%cal Ba2a4,Ba4a5,Ba5a6][%mdl 32]} Rxb3 (41... Ra2 {kämpft weiter.} 42. Rg6+ Kf7 43. Rxh6 Rb2) 42. a5 Ra3 {[#]} 43. Ra7+ $1 Kf6 44. a6 g4 (44... h5 $142 45. Bd5 Kg6) 45. hxg4 Kg5 46. Ra8 Kxg4 47. Rg8+ Kh4 48. Rg6 h5 49. Ke2 Bb2 50. Bb7 Bc1 51. e4 {Droht stark e5.} Bf4 (51... Bb2 $142 52. Rg8 Bd4) 52. Rg8 Be5 53. Kd2 Ra2+ 54. Kd3 Ra3+ {[#]} 55. Kc2 $1 Rc3+ $2 (55... Bd4 {war nötig.} 56. Ra8 Kh3) 56. Kb1 Ra3 57. Rf8 Kg4 58. Bc8+ Kg3 59. Rf5 Bb8 60. Rxh5 {Droht Th3+ und aus.} Ra4 (60... Kf4 $142 61. Bb7 Ra4 62. Rf5+ Kg4 63. Rxc5 Ba7) 61. e5 Rb4+ 62. Ka2 Rxc4 63. e6 Ra4+ 64. Kb3 Rb4+ 65. Kc3 Bd6 66. Bb7 Ra4 67. Rd5 Be7 68. Rf5 c4 69. Rf7 Bc5 70. e7 Bb4+ 71. Kb2 c3+ 72. Kb3 {Weiß setzt Matt.} Ra3+ 73. Kxb4 c2 74. e8=Q c1=Q 75. Qg8+ {Precision: Weiß = 78%, Schwarz = 32%.} 1-0